Statistiques concernant Dramas coréens les plus populaires

Cliquez ici pour prendre le quiz!

Statistiques générales

  • Ce quiz a été pris 352 fois
  • Le résultat moyen est 6 sur 31

Statistiques - réponses

anNameFemale main actorMale main actor% Correct
2016WHan Hyo JooLee Jong Suk
64%
2016GoblinKim Go eunGong Yoo
50%
2013The HeirsPark Shin HyeLee Min Ho
42%
2009Boys over FlowersKu Hye-SunLee Min Ho
41%
2016Descendants of the sunSong Hye kyoSong Joong ki
40%
2014PinocchioPark Shin HyeLee Jong Suk
34%
2011Dream HighBae SuzyKim Soo Hyun
30%
2014HealerPark Min YoungJi Chang Wook
30%
2016Weightlifting Fairy Kim Bok-JooLee Sung KyungNam Joo Hyuk
26%
2011City HunterPark Min youngLee Min ho
20%
2007Coffee PrinceYoon Eun-hyeGong Yoo
20%
2015She Was PrettyHwang Jung eumPark Seo Joon
19%
2017Strong Girl Bong SoonPark Bo YoungPark Hyung Sik
19%
2015Kill Me, Heal MeHawang Jung eumJi Sung
16%
2010Secret GardenHa Ji WonHyun Bin
16%
2016Cheese in the trapKim Go eunPark Hae Jin
14%
2013My love from the starsGianna JunKim Soo hyun
14%
2016Scarlet Heart : RyeoIULee Joon Gi
14%
2015Who are you : school 2015Kim So HyunNam Joo Hyuk
14%
2009You're beautifulPark Shin hyeJang Keun Suk
14%
2016Age of YouthHan Ye-ri / Han Seung Yeon / Park Eun Bin / Ryu Hwa Young / Park Hye Soo//
8%
2019KingdomBae Doo-naJu Ji-hoon
8%
2017StrangerBae Doo-naCho Seung woo
8%
2011HeartstringsPark Shin HyeJung Yong hwa
7%
2012Reply 1997Jung Eun jiSeo In Guk
7%
2013The Master's SunKong Hyo JinSo Ji Sub
6%
2014It's okay, that's loveKong Hyo JinZo In sung
5%
2015Oh My VenusJung Hye SungLee Seung Ho
5%
2006Princess HoursYoon Eun hyeJu Ji hoon
5%
2012Rooftop PrinceHan Ji-minPark Yoo chun
5%
2013I hear your voiceLee Bo YoungLee Jong Suk
4%

Distribution des résultats

Percentile par nombre de réponses

% des personnes avec chaque résultat

Votre développement - résultats

Vous n’avez pas pris ce quiz